000
00300nam a2200109Ia 4500
008
190722s9999 xx 000 0 und d
020
_a
978-0-07-058155-5
100
_a
Mukherjee, Hanif
245
0
_a
Financial Accounting
260
_a
New Delhi
_b
McGraw Hill Education (india) Pvt. Ltd.
_c
2013
942
_c
BK
999
_c
637
_d
637